[Event "Sao Paulo Carnaval op"]
[Site "Sao Paulo"]
[Date "2020.02.24"]
[Round "5"]
[White "Kanzler, Karina Daniela Ferr"]
[Black "Jafet Junior, Carlos"]
[Result "1-0"]
[WhiteElo "1874"]
[BlackElo "1585"]
[PlyCount "110"]
[EventDate "2020.02.22"]
[EventType "swiss"]
[EventRounds "7"]
[EventCountry "BRA"]
[SourceTitle "CBM 195 Extra"]
[Source "ChessBase"]
[SourceDate "2020.05.31"]
[SourceVersion "1"]
[SourceVersionDate "2020.05.31"]
[SourceQuality "1"]

1. Nf3 d5 2. b3 Bg4 3. Ne5 Bh5 4. Bb2 Nd7 5. g3 e6 6. Bg2 Ngf6 7. 0-0 Bd6 8. Nxd7 Qxd7 9. d3 Qe7 10. Nd2 Ba3 11. Bxa3 Qxa3 12. c4 c6 13. Re1 0-0 14. Qc2 Rac8 15. c5 e5 16. e4 dxe4 17. Nxe4 Nxe4 18. Rxe4 Qa5 19. Rxe5 Bg6 20. Be4 f5 21. Bg2 Qc7 22. Rae1 Rcd8 23. Qc3 Rd7 24. d4 Qd8 25. d5 cxd5 26. Qd4 Re8 27. Bxd5+ Rxd5 28. Rxe8+ Bxe8 29. Rxe8+ Qxe8 30. Qxd5+ Qf7 31. Qe5 Qd7 32. Kg2 a6 33. b4 Kf7 34. h4 Qc6+ 35. f3 Qe6 36. Qb2 Qc4 37. Kf2 g6 38. Qd2 Qe6 39. f4 Ke7 40. Qe3 Kd7 41. Qd2+ Kc6 42. a4 Qd5 43. Qb2 Kc7 44. Qg7+ Kc6 45. Qf6+ Kd7 46. Qg7+ Kc6 47. Qb2 Kd7 48. h5 Ke7 49. hxg6 hxg6 50. Qg7+ Qf7 51. Qxf7+ Kxf7 52. Ke3 Ke7 53. Kd4 Kd7 54. Kd5 Kc7 55. b5 axb5 1-0

[Event "Sao Paulo Carnaval op"]
[Site "Sao Paulo"]
[Date "2020.02.22"]
[Round "2"]
[White "Jafet Junior, Carlos"]
[Black "De Carvalho, Amauri"]
[Result "1-0"]
[WhiteElo "1585"]
[BlackElo "1215"]
[PlyCount "129"]
[EventDate "2020.02.22"]
[EventType "swiss"]
[EventRounds "7"]
[EventCountry "BRA"]
[SourceTitle "CBM 195 Extra"]
[Source "ChessBase"]
[SourceDate "2020.05.31"]
[SourceVersion "1"]
[SourceVersionDate "2020.05.31"]
[SourceQuality "1"]

1. e4 c5 2. Nc3 e6 3. g3 d5 4. exd5 exd5 5. Bg2 Nf6 6. d4 cxd4 7. Qxd4 Nc6 8. Qa4 Be6 9. Nge2 Bd6 10. 0-0 0-0 11. Be3 Qa5 12. Qh4 Be7 13. Nd4 Ne5 14. Nxe6 fxe6 15. f4 Nc4 16. Bd4 Rf7 17. g4 Ne4 18. g5 Nxc3 19. bxc3 Nd6 20. Qe1 Ne4 21. Bxe4 dxe4 22. Qxe4 Qa6 23. Rfe1 Qc6 24. Qxc6 bxc6 25. Rxe6 c5 26. Be5 a5 27. Rb1 Rd8 28. Rb8 Rxb8 29. Bxb8 Bf8 30. Kf2 Rb7 31. Re8 Kf7 32. Rc8 Rb2 33. Ke2 Rxc2+ 34. Kd3 Rxh2 35. Kc4 Rxa2 36. Ba7 Ra4+ 37. Kb5 Rxf4 38. Bxc5 Bxc5 39. Rxc5 a4 40. Rc7+ Kg6 41. c4 a3 42. Ra7 Rf5+ 43. c5 h5 44. gxh6 gxh6 45. Rxa3 h5 46. Kb6 Rf1 47. c6 Rb1+ 48. Ka7 Rc1 49. Ra6 Kg5 50. Kb7 Kg4 51. c7 h4 52. Rc6 Rb1+ 53. Ka6 Ra1+ 54. Kb6 Rb1+ 55. Kc5 Rc1+ 56. Kd5 Rd1+ 57. Ke4 Re1+ 58. Kd3 Re8 59. c8Q+ Rxc8 60. Rxc8 h3 61. Ke3 Kg3 62. Rg8+ Kh2 63. Kf3 Kh1 64. Kg3 h2 65. Rc8 1-0

[Event "Osasco Terzian Memorial"]
[Site "Osasco"]
[Date "2019.12.07"]
[Round "4"]
[White "Jafet Junior, Carlos"]
[Black "Nascimento, Gabriela Vitoria"]
[Result "0-1"]
[WhiteElo "1591"]
[BlackElo "1528"]
[PlyCount "70"]
[EventDate "2019.12.06"]
[EventType "swiss"]
[EventRounds "6"]
[EventCountry "BRA"]
[SourceTitle "CBM 193 Extra"]
[Source "ChessBase"]
[SourceDate "2020.01.31"]
[SourceVersion "1"]
[SourceVersionDate "2020.01.31"]
[SourceQuality "1"]

1. e4 e6 2. d4 d5 3. e5 c5 4. Be3 cxd4 5. Bxd4 Nc6 6. Bb5 Bd7 7. Bxc6 Bxc6 8. f4 Ne7 9. Nf3 Bb5 10. Nbd2 Nf5 11. Bf2 b6 12. b3 Rc8 13. Rc1 Bc5 14. Bxc5 Rxc5 15. c4 dxc4 16. bxc4 Ba6 17. Qa4+ Bb5 18. Qxa7 Bc6 19. 0-0 Ra5 20. Qxa5 bxa5 21. Nb3 0-0 22. Rfd1 Qc7 23. Rc3 Rd8 24. Nfd4 Nxd4 25. Nxd4 h6 26. Kf2 Ba4 27. Rd2 Qc5 28. Ke3 Bc6 29. Rcd3 Qb6 30. g4 Ba8 31. Kf2 Bb7 32. Kg3 Ba6 33. c5 Qxc5 34. Nxe6 Rxd3+ 35. Rxd3 fxe6 0-1

[Event "Sao Paulo Schutt Cup"]
[Site "Sao Paulo"]
[Date "2019.09.15"]
[Round "6"]
[White "Jafet Junior, Carlos"]
[Black "Lima, Vinicius Taishun"]
[Result "0-1"]
[WhiteElo "1614"]
[BlackElo "1787"]
[PlyCount "84"]
[EventDate "2019.09.13"]
[EventType "swiss"]
[EventRounds "6"]
[EventCountry "BRA"]
[SourceTitle "EXT 2020"]
[Source "ChessBase"]
[SourceDate "2019.10.17"]
[SourceVersion "1"]
[SourceVersionDate "2019.10.17"]
[SourceQuality "1"]

1. e4 c5 2. Nc3 d6 3. g3 Nc6 4. Bg2 e6 5. d3 g6 6. Be3 Bg7 7. Nge2 Nge7 8. 0-0 0-0 9. Qd2 Rb8 10. d4 cxd4 11. Nxd4 a6 12. Rab1 Ne5 13. h3 Nc4 14. Qe2 Nxe3 15. Qxe3 Qc7 16. Nce2 b5 17. c3 Bb7 18. Rbc1 d5 19. Rfd1 dxe4 20. Bxe4 Bxe4 21. Qxe4 e5 22. Nc2 Rfd8 23. Ne3 f5 24. Qg2 Kh8 25. c4 bxc4 26. Rxd8+ Rxd8 27. Rxc4 Qb6 28. b3 Bh6 29. Rc3 e4 30. Nc4 Qb5 31. Rc2 Qd5 32. Qf1 Nc6 33. Nf4 Bxf4 34. gxf4 Qd1 35. Qxd1 Rxd1+ 36. Kg2 Nd4 37. Rd2 Rxd2 38. Nxd2 Ne2 39. f3 Nxf4+ 40. Kg3 e3 41. Nc4 Nd3 42. Nxe3 f4+ 0-1

[Event "Sao Paulo Schutt Cup"]
[Site "Sao Paulo"]
[Date "2019.09.14"]
[Round "4"]
[White "Jafet Junior, Carlos"]
[Black "Lima, Aine Carolina"]
[Result "1/2-1/2"]
[WhiteElo "1614"]
[BlackElo "1677"]
[PlyCount "134"]
[EventDate "2019.09.13"]
[EventType "swiss"]
[EventRounds "6"]
[EventCountry "BRA"]
[SourceTitle "EXT 2020"]
[Source "ChessBase"]
[SourceDate "2019.10.17"]
[SourceVersion "1"]
[SourceVersionDate "2019.10.17"]
[SourceQuality "1"]

1. e4 c5 2. Nc3 d6 3. g3 g6 4. Bg2 e6 5. d3 Bg7 6. Nge2 Nc6 7. Be3 Nge7 8. 0-0 0-0 9. f4 Rb8 10. Qd2 b5 11. Rae1 Nd4 12. Nd1 b4 13. g4 f5 14. g5 Bb7 15. h4 Qe8 16. Ng3 Qa4 17. c3 bxc3 18. Nxc3 Qc2 19. Rf2 Qxd2 20. Rxd2 Nec6 21. Nce2 Nxe2+ 22. Rdxe2 Nd4 23. Rd2 Rfe8 24. h5 Kf7 25. h6 Bh8 26. Ne2 Nxe2+ 27. Rexe2 Ba6 28. e5 dxe5 29. fxe5 Bxe5 30. Bxc5 Bf4 31. Be3 Bxe3+ 32. Rxe3 Red8 33. d4 Bc4 34. b3 Bd5 35. Bxd5 Rxd5 36. Re5 Rbd8 37. Rxd5 Rxd5 38. Kf2 Ke7 39. Ke3 Kd6 40. Rc2 Rb5 41. Kf4 Rb7 42. Rc8 Rd7 43. Rg8 Kd5 44. Rg7 Kd6 45. Rxd7+ Kxd7 46. Ke5 a5 47. a3 Kc7 48. b4 axb4 49. axb4 Kb7 50. b5 Kc7 51. Kxe6 f4 52. d5 f3 53. d6+ Kb7 54. d7 f2 55. d8Q f1Q 56. Qd5+ Kb6 57. Qc6+ Ka5 58. Qd5 Qf8 59. b6+ Kxb6 60. Qd6+ Qxd6+ 61. Kxd6 Kb7 62. Ke6 Kc6 63. Kf6 Kd6 64. Kf7 Kd7 65. Kg7 Ke7 66. Kxh7 Kf7 67. Kh8 Kf8 1/2-1/2

[Event "BRA-ch Amateur U1800"]
[Site "Sao Paulo"]
[Date "2019.06.22"]
[Round "5"]
[White "Jafet Junior, Carlos"]
[Black "Borges, Leonardo Hisao Hera"]
[Result "0-1"]
[WhiteElo "1628"]
[BlackElo "1748"]
[PlyCount "86"]
[EventDate "2019.06.20"]
[EventType "swiss"]
[EventRounds "7"]
[EventCountry "BRA"]
[SourceTitle "CBM 195 Extra"]
[Source "ChessBase"]
[SourceDate "2020.05.31"]
[SourceVersion "1"]
[SourceVersionDate "2020.05.31"]
[SourceQuality "1"]

1. e4 c5 2. d3 e6 3. g3 Nc6 4. Bg2 g6 5. Nc3 Bg7 6. Nge2 Nge7 7. Be3 d6 8. 0-0 Nd4 9. f4 0-0 10. a4 Rb8 11. Kh1 a6 12. g4 f5 13. g5 b5 14. axb5 axb5 15. Ra7 Ndc6 16. Ra1 Qc7 17. d4 b4 18. Na4 cxd4 19. Nxd4 Nxd4 20. Bxd4 e5 21. Be3 fxe4 22. Bxe4 Bb7 23. Bxb7 Qxb7+ 24. Kg1 Nf5 25. Qe2 e4 26. Rad1 d5 27. Nc5 Qa7 28. Ra1 Qe7 29. Ra6 Nxe3 30. Qxe3 Bxb2 31. Ne6 Ra8 32. Qb6 Rxa6 33. Qxa6 Re8 34. f5 gxf5 35. Nf4 Bd4+ 36. Kh1 e3 37. Qd3 Qe4+ 38. Qxe4 Rxe4 39. Nxd5 e2 40. Re1 Bf2 41. Nf6+ Kg7 42. Nxe4 Bxe1 43. Nc5 Bc3 0-1

[Event "BRA-ch Amateur U1800"]
[Site "Sao Paulo"]
[Date "2019.06.20"]
[Round "2"]
[White "Jafet Junior, Carlos"]
[Black "Rodio, Julia Brunetto"]
[Result "0-1"]
[WhiteElo "1628"]
[BlackElo "1756"]
[PlyCount "74"]
[EventDate "2019.06.20"]
[EventType "swiss"]
[EventRounds "7"]
[EventCountry "BRA"]
[SourceTitle "CBM 195 Extra"]
[Source "ChessBase"]
[SourceDate "2020.05.31"]
[SourceVersion "1"]
[SourceVersionDate "2020.05.31"]
[SourceQuality "1"]

1. e4 c5 2. Nc3 a6 3. g3 e6 4. Bg2 Nc6 5. d3 Nf6 6. f4 d5 7. exd5 exd5 8. Nf3 Be7 9. 0-0 0-0 10. Ne2 d4 11. Bd2 Nd5 12. c3 Bf5 13. Bc1 Bf6 14. Ne5 Bxe5 15. fxe5 Bg4 16. h3 Bxe2 17. Qxe2 dxc3 18. bxc3 Nxc3 19. Qb2 Qd4+ 20. Kh2 Nxe5 21. Qxb7 Qxd3 22. Qe7 Rae8 23. Qxc5 Nc4 24. Rf3 Qc2 25. Ba3 Ne4 26. Qb4 Rb8 27. Qe1 Rfe8 28. Bc1 Ned2 29. Qf2 Nxf3+ 30. Qxf3 Re1 31. Bf4 Rxa1 32. Bxb8 Qd1 33. Qf2 Qd8 34. Bf4 g5 35. Be3 Nxe3 36. Qxe3 Rxa2 37. Qb3 Re2 0-1

[Event "BRA-ch Amateur U1800"]
[Site "Sao Paulo"]
[Date "2018.06.01"]
[Round "4"]
[White "Bonfim, Regina Rodrigues"]
[Black "Jafet Junior, Carlos"]
[Result "0-1"]
[WhiteElo "1788"]
[BlackElo "1614"]
[PlyCount "50"]
[EventDate "2018.05.31"]
[EventType "swiss"]
[EventRounds "7"]
[EventCountry "BRA"]
[SourceTitle "EXT 2021"]
[Source "ChessBase"]
[SourceDate "2020.10.23"]
[SourceVersion "1"]
[SourceVersionDate "2020.10.23"]
[SourceQuality "1"]

1. d4 d5 2. c4 c6 3. Nc3 Nf6 4. Nf3 e6 5. a3 Nbd7 6. Bg5 dxc4 7. e4 b5 8. e5 h6 9. Bh4 g5 10. exf6 gxh4 11. Ne5 Bb7 12. Qf3 Qxf6 13. Qe4 Nxe5 14. dxe5 Qe7 15. Qe3 a6 16. Ne4 Bg7 17. Nd6+ Kf8 18. f4 Rd8 19. Qa7 Bc8 20. Qb6 Bd7 21. Qxa6 f6 22. a4 fxe5 23. fxe5 Bxe5 24. Ne4 Qb4+ 25. Nd2 Bc8 0-1

[Event "BRA-ch Amateur U1800"]
[Site "Sao Paulo"]
[Date "2018.05.31"]
[Round "1"]
[White "Da Conceicao, Daniel Firmino"]
[Black "Jafet Junior, Carlos"]
[Result "1-0"]
[WhiteElo "1746"]
[BlackElo "1614"]
[PlyCount "95"]
[EventDate "2018.05.31"]
[EventType "swiss"]
[EventRounds "7"]
[EventCountry "BRA"]
[SourceTitle "EXT 2021"]
[Source "ChessBase"]
[SourceDate "2020.10.23"]
[SourceVersion "1"]
[SourceVersionDate "2020.10.23"]
[SourceQuality "1"]

1. e4 c5 2. Nf3 Nc6 3. Bb5 g6 4. 0-0 Bg7 5. c3 a6 6. Bxc6 bxc6 7. d4 cxd4 8. cxd4 Nf6 9. Nc3 0-0 10. Bf4 d5 11. e5 Ne4 12. Rc1 Bd7 13. Nd2 Nxc3 14. Rxc3 f6 15. e6 Bxe6 16. Rxc6 Bd7 17. Bc7 Qe8 18. Rc5 Rc8 19. Nb3 Qf7 20. Qd2 e5 21. Rfc1 e4 22. Na5 Rfe8 23. Nb7 Bf8 24. Bd6 Rxc5 25. dxc5 Rc8 26. Bxf8 Qxf8 27. Qxd5+ Qf7 28. Qxf7+ Kxf7 29. Nd6+ Ke6 30. Nxc8 Bxc8 31. Kf1 Bb7 32. c6 Bc8 33. a4 Kd6 34. c7 Kd7 35. b4 f5 36. b5 axb5 37. axb5 h5 38. Ke1 g5 39. b6 g4 40. Rd1+ Kc6 41. Rd8 Kb7 42. Kd2 h4 43. Ke3 Be6 44. Rb8+ Kc6 45. c8Q+ Bxc8 46. Rxc8+ Kxb6 47. Rc1 Kb5 48. Kf4 1-0

[Event "Sao Paulo Segal Memorial 1st"]
[Site "Sao Paulo"]
[Date "2016.05.22"]
[Round "5"]
[White "Lima, Aine Carolina"]
[Black "Jafet Junior, Carlos"]
[Result "1-0"]
[WhiteElo "1566"]
[BlackElo "1694"]
[PlyCount "97"]
[EventDate "2016.05.20"]
[EventType "swiss"]
[EventRounds "6"]
[EventCountry "BRA"]
[SourceTitle "CBM 172 Extra"]
[Source "ChessBase"]
[SourceDate "2016.06.21"]
[SourceVersion "1"]
[SourceVersionDate "2016.06.21"]
[SourceQuality "1"]

1. e4 c5 2. d4 cxd4 3. c3 d5 4. Qxd4 e6 5. e5 Nc6 6. Qe3 Nge7 7. Bd3 Ng6 8. f4 Be7 9. Nf3 a6 10. 0-0 b5 11. Bd2 Bb7 12. b4 Rc8 13. a4 d4 14. cxd4 Bxb4 15. axb5 Bxd2 16. Nbxd2 Nb4 17. bxa6 Bxf3 18. Rxf3 Nh4 19. Rff1 0-0 20. g3 Rc3 21. Bxh7+ Kxh7 22. Qxc3 Nd5 23. Qd3+ Nf5 24. Rfe1 Nb4 25. Qe4 Qxd4+ 26. Qxd4 Nxd4 27. a7 Ra8 28. Reb1 Ndc6 29. Ra4 Nd5 30. Ne4 Kg6 31. Rc1 Rxa7 32. Rxa7 Nxa7 33. Nc3 Ne7 34. Rb1 Nac6 35. Rb7 Nf5 36. Kf2 Nh6 37. h3 Kf5 38. Ke3 Kg6 39. g4 Na5 40. Rc7 Nb3 41. Ne4 Kh7 42. Ng5+ Kg6 43. Rc3 Na5 44. Kf3 Nb7 45. h4 Ng8 46. h5+ Kh6 47. Rc8 f6 48. Rxg8 fxg5 49. Rh8# 1-0

[Event "Sao Paulo Segal Memorial 1st"]
[Site "Sao Paulo"]
[Date "2016.05.21"]
[Round "4"]
[White "Jafet Junior, Carlos"]
[Black "Heinrichs, Vivian"]
[Result "0-1"]
[WhiteElo "1694"]
[BlackElo "1970"]
[PlyCount "98"]
[EventDate "2016.05.20"]
[EventType "swiss"]
[EventRounds "6"]
[EventCountry "BRA"]
[SourceTitle "CBM 172 Extra"]
[Source "ChessBase"]
[SourceDate "2016.06.21"]
[SourceVersion "1"]
[SourceVersionDate "2016.06.21"]
[SourceQuality "1"]

1. e4 c5 2. d3 Nc6 3. Nf3 d6 4. g3 g6 5. Bg2 Bg7 6. 0-0 e6 7. Re1 Nge7 8. Nbd2 0-0 9. Nc4 b5 10. Ne3 Rb8 11. Rb1 b4 12. Ng4 Nd4 13. Nxd4 Bxd4 14. Bh6 Bg7 15. Qd2 f5 16. exf5 exf5 17. Bxg7 Kxg7 18. Qh6+ Kh8 19. Ne3 Bb7 20. Nc4 Bxg2 21. Kxg2 f4 22. f3 fxg3 23. hxg3 Nf5 24. Qh3 Qf6 25. Rh1 Rb7 26. c3 Ne3+ 27. Nxe3 Qxf3+ 28. Kh2 Qxe3 29. Rbf1 Rbf7 30. Rxf7 Rxf7 31. Rf1 Qe2+ 32. Kg1 Rxf1+ 33. Qxf1 Qxf1+ 34. Kxf1 bxc3 35. bxc3 Kg7 36. Kf2 Kf6 37. Kf3 h5 38. Kf4 g5+ 39. Ke4 h4 40. gxh4 gxh4 41. Kf4 h3 42. Kg3 Kf5 43. Kxh3 Kf4 44. Kg2 Ke3 45. d4 cxd4 46. cxd4 Kxd4 47. Kf2 Kc3 48. Ke1 a5 49. Kd1 Kb2 0-1

[Event "Sao Paulo Camara Memorial 1st"]
[Site "Sao Paulo"]
[Date "2016.03.11"]
[Round "2"]
[White "Jafet Junior, Carlos"]
[Black "Bruce, Shannon Hill"]
[Result "0-1"]
[WhiteElo "1722"]
[BlackElo "2177"]
[PlyCount "71"]
[EventDate "2016.03.11"]
[EventType "swiss"]
[EventRounds "6"]
[EventCountry "BRA"]
[SourceTitle "CBM 171 Extra"]
[Source "ChessBase"]
[SourceDate "2016.04.26"]
[SourceVersion "1"]
[SourceVersionDate "2016.04.26"]
[SourceQuality "1"]

1. e4 d6 2. d3 g6 3. Nf3 Bg7 4. g3 Nf6 5. Bg2 0-0 6. 0-0 c5 7. Re1 Nc6 8. Nbd2 Qc7 9. Nf1 Rb8 10. h3 b5 11. N1h2 a5 12. c3 Bd7 13. Bf4 b4 14. Qe2 bxc3 15. bxc3 Nh5 16. Bd2 Rb2 17. Reb1 Rfb8 18. Rxb2 Rxb2 19. Qd1 Qb6 20. Qc1 Be6 21. a3 Qb3 22. Ng5 Bd7 23. g4 Nf6 24. Bf1 Qc2 25. Be1 a4 26. Qe3 Ne8 27. Ngf3 Rb3 28. Rc1 Qb2 29. Be2 Rxa3 30. Nf1 Bxc3 31. Rd1 Bxe1 32. Rxe1 Ra1 33. Bd1 Nd4 34. Nxd4 Qxd4 35. Qd2 Qb4 36. Qc2 0-1

[Event "Sao Paulo Freitas Memorial"]
[Site "Sao Paulo"]
[Date "2015.10.12"]
[Round "5"]
[White "Jafet Junior, Carlos"]
[Black "Kikuchi Cadilhac, Mariana Sawae"]
[Result "1-0"]
[WhiteElo "1745"]
[BlackElo "1444"]
[PlyCount "91"]
[EventDate "2015.10.10"]
[EventType "swiss"]
[EventRounds "6"]
[EventCountry "BRA"]
[SourceTitle "CBM 168 Extra"]
[Source "ChessBase"]
[SourceDate "2015.10.29"]
[SourceVersion "1"]
[SourceVersionDate "2015.10.29"]
[SourceQuality "1"]

1. e4 e5 2. Nf3 Nc6 3. d3 Nf6 4. g3 d6 5. Bg2 Be7 6. 0-0 Bg4 7. c3 Qd7 8. Nbd2 Rd8 9. Re1 d5 10. Qc2 d4 11. c4 Nb4 12. Qb3 a5 13. Nxe5 Qe6 14. Nxg4 Nxg4 15. Nf3 b5 16. h3 Nh6 17. a3 bxc4 18. dxc4 Nc6 19. Qd3 Ne5 20. Nxe5 Qxe5 21. Bf4 Qc5 22. Rab1 Rb8 23. b4 axb4 24. axb4 Rxb4 25. Rxb4 Qxb4 26. Rb1 Qc5 27. Rb8+ Bd8 28. Rb5 Qa7 29. Be5 Bf6 30. Qxd4 Qxd4 31. Bxd4 Ke7 32. e5 Bg5 33. f4 Nf5 34. Bc5+ Ke6 35. Bd5+ Kd7 36. fxg5 c6 37. Rb7+ Kc8 38. Bxc6 Rd8 39. Rxf7 Nxg3 40. Kg2 Ne2 41. Ba7 Rd2 42. Bb7+ Kd8 43. Kf3 Nc3 44. e6 Rd1 45. Bb6+ Ke8 46. Bc6+ 1-0

[Event "Sao Paulo Cordioli Memorial"]
[Site "Sao Paulo"]
[Date "2015.09.06"]
[Round "4"]
[White "De Oliveira Santos, Alexandre"]
[Black "Jafet Junior, Carlos"]
[Result "1-0"]
[WhiteElo "2160"]
[BlackElo "1742"]
[PlyCount "55"]
[EventDate "2015.09.05"]
[EventType "swiss"]
[EventRounds "6"]
[EventCountry "BRA"]
[SourceTitle "EXT 2016"]
[Source "ChessBase"]
[SourceDate "2015.10.08"]
[SourceVersion "1"]
[SourceVersionDate "2015.10.08"]
[SourceQuality "1"]

1. e4 c5 2. Nf3 e6 3. d4 cxd4 4. Nxd4 Nf6 5. Nc3 d6 6. g4 h6 7. Rg1 Nc6 8. Be3 a6 9. h4 Be7 10. g5 hxg5 11. hxg5 Nd7 12. g6 Nf6 13. gxf7+ Kxf7 14. Qf3 Nxd4 15. Bxd4 e5 16. Bc4+ Kf8 17. Be3 Rh3 18. Rh1 Qd7 19. 0-0-0 Bd8 20. Rxh3 Qxh3 21. Qxh3 Bxh3 22. Rh1 Rc8 23. Bb3 Bd7 24. Rh8+ Ke7 25. Bg5 Bc6 26. Rg8 Rc7 27. Rxg7+ Kf8 28. Rxc7 1-0

[Event "Sao Paulo Hebraica op 20th"]
[Site "Sao Paulo"]
[Date "2015.06.06"]
[Round "5"]
[White "Jafet Junior, Carlos"]
[Black "Sangiovanni, Marcello Gouveia"]
[Result "1/2-1/2"]
[WhiteElo "1767"]
[BlackElo "1566"]
[PlyCount "137"]
[EventDate "2015.06.04"]
[EventType "swiss"]
[EventRounds "6"]
[EventCountry "BRA"]
[SourceTitle "CBM 166 Extra"]
[Source "ChessBase"]
[SourceDate "2015.06.18"]
[SourceVersion "1"]
[SourceVersionDate "2015.06.18"]
[SourceQuality "1"]

1. e4 e5 2. d3 Nc6 3. Nf3 Nf6 4. g3 d5 5. Nbd2 Bg4 6. Bg2 Qd7 7. h3 dxe4 8. dxe4 Bxf3 9. Bxf3 0-0-0 10. c3 Qd3 11. Qe2 Bc5 12. 0-0 Kb8 13. Re1 Qxe2 14. Bxe2 Rd6 15. Bb5 Re8 16. a4 a6 17. Bc4 Re7 18. b4 Nxb4 19. cxb4 Bxb4 20. Re2 Bxd2 21. Bxd2 Rd4 22. Bd5 Nxd5 23. exd5 Rxd5 24. Rae1 f5 25. Bc3 e4 26. Rd2 c6 27. f3 Red7 28. Red1 Rxd2 29. Rxd2 Rxd2 30. Bxd2 Kc7 31. Kf2 Kd6 32. fxe4 fxe4 33. a5 Kd5 34. Ke3 c5 35. g4 g6 36. h4 h5 37. g5 Ke5 38. Bc3+ Kd5 39. Kf4 Kc4 40. Be1 Kd3 41. Bf2 c4 42. Bc5 c3 43. Be3 c2 44. Bc1 Kd4 45. Kg3 e3 46. Kg2 Kd3 47. Kf3 e2 48. Kf2 Kc4 49. Kxe2 Kb5 50. Kd3 Kxa5 51. Kxc2 Ka4 52. Kb2 b5 53. Bf4 b4 54. Bd6 a5 55. Be7 Kb5 56. Bf8 Kc4 57. Be7 a4 58. Bf6 a3+ 59. Ka2 Kd3 60. Kb3 Ke4 61. Kxb4 Kf3 62. Kxa3 Kg4 63. Kb4 Kxh4 64. Kc5 Kg4 65. Kd4 h4 66. Ke3 Kg3 67. Ke2 Kg2 68. Be5 Kh3 69. Kf3 1/2-1/2

[Event "Sao Paulo Hebraica op 20th"]
[Site "Sao Paulo"]
[Date "2015.06.04"]
[Round "2"]
[White "Awoki, Daniel Teidi"]
[Black "Jafet Junior, Carlos"]
[Result "1-0"]
[WhiteElo "2037"]
[BlackElo "1767"]
[PlyCount "63"]
[EventDate "2015.06.04"]
[EventType "swiss"]
[EventRounds "6"]
[EventCountry "BRA"]
[SourceTitle "CBM 166 Extra"]
[Source "ChessBase"]
[SourceDate "2015.06.18"]
[SourceVersion "1"]
[SourceVersionDate "2015.06.18"]
[SourceQuality "1"]

1. e4 c5 2. Nf3 e6 3. d3 Nc6 4. g3 d6 5. Bg2 Nf6 6. 0-0 Be7 7. c3 Qc7 8. Qe2 Bd7 9. d4 cxd4 10. cxd4 a6 11. Nc3 e5 12. Be3 Bg4 13. Rfd1 b5 14. d5 Na5 15. Rac1 Qd7 16. b3 Rc8 17. Bb6 Bd8 18. Qe3 0-0 19. h3 Bxf3 20. Bxf3 Qb7 21. Bxd8 Rfxd8 22. Bg2 Rc7 23. f4 Nd7 24. h4 Rdc8 25. Bh3 h5 26. fxe5 dxe5 27. d6 Qa7 28. Qxa7 Rxa7 29. Nd5 Rxc1 30. Rxc1 Nf6 31. Rc8+ Kh7 32. Nxf6+ 1-0